[Event "GRE-ch U16"]
[Site "Patras"]
[Date "2019.06.26"]
[Round "2.12"]
[White "Loutragotis, Marios"]
[Black "Dritsas, Stavros Nikolaos"]
[Result "0-1"]
[WhiteElo "1484"]
[BlackElo "1676"]
[PlyCount "126"]
[EventDate "2019.06.25"]
[EventType "swiss"]
[EventRounds "9"]
[EventCountry "GRE"]
[SourceTitle "EXT 2020"]
[Source "ChessBase"]
[SourceDate "2019.10.17"]
[SourceVersion "1"]
[SourceVersionDate "2019.10.17"]
[SourceQuality "1"]
[WhiteTeam "Greece"]
[BlackTeam "Greece"]
[WhiteTeamCountry "GRE"]
[BlackTeamCountry "GRE"]

1. Nf3 Nf6 2. g3 b6 3. Bg2 Bb7 4. c4 e6 5. Nc3 Be7 6. 0-0 0-0 7. d4 d5 8. cxd5 exd5 9. b3 Nbd7 10. Bb2 Re8 11. Rc1 Nf8 12. Ne5 Ne6 13. f4 Rc8 14. Kh1 a6 15. Qd2 Ba8 16. f5 Nxd4 17. Nxd5 Nxd5 18. Bxd4 Bg5 19. e3 Nxe3 20. Bxe3 Qxd2 21. Bxd2 Bxd2 22. Rc2 Bxg2+ 23. Kxg2 Rxe5 24. Rxd2 Kf8 25. g4 b5 26. Rfd1 c5 27. Kf3 c4 28. bxc4 bxc4 29. Rd8+ Re8 30. Rxe8+ Kxe8 31. Ke4 Ke7 32. Rc1 Kd6 33. Kd4 Rb8 34. Rxc4 Rb2 35. Ra4 Rxh2 36. Rxa6+ Ke7 37. Ke5 f6+ 38. Kf4 h5 39. Ra7+ Kf8 40. Ra8+ Kf7 41. Ra7+ Kg8 42. a4 Rh4 43. Kg3 Rxg4+ 44. Kh3 Rf4 45. Ra5 h4 46. Kh2 Kh7 47. Kh3 Kh6 48. Kh2 Kh5 49. Kh3 Kg5 50. Ra7 Kxf5 51. Rxg7 Rxa4 52. Rg8 Rf4 53. Rg7 Ke4 54. Re7+ Kf3 55. Rf7 f5 56. Rf8 Ke3 57. Re8+ Re4 58. Rf8 f4 59. Kxh4 Re7 60. Kh3 f3 61. Kh2 f2 62. Rf6 Ke2 63. Kg2 f1Q+ 0-1

[Event "GRE-ch U16"]
[Site "Patras"]
[Date "2019.06.25"]
[Round "1.13"]
[White "Malataras, Gerasimos"]
[Black "Loutragotis, Marios"]
[Result "1-0"]
[WhiteElo "1941"]
[BlackElo "1484"]
[PlyCount "80"]
[EventDate "2019.06.25"]
[EventType "swiss"]
[EventRounds "9"]
[EventCountry "GRE"]
[SourceTitle "EXT 2020"]
[Source "ChessBase"]
[SourceDate "2019.10.17"]
[SourceVersion "1"]
[SourceVersionDate "2019.10.17"]
[SourceQuality "1"]
[WhiteTeam "Greece"]
[BlackTeam "Greece"]
[WhiteTeamCountry "GRE"]
[BlackTeamCountry "GRE"]

1. d4 Nf6 2. c4 e6 3. Nc3 d5 4. cxd5 exd5 5. Bg5 c6 6. e3 Be7 7. Bd3 0-0 8. Nge2 Ne4 9. Bf4 Nxc3 10. Nxc3 Nd7 11. Qc2 Nf6 12. h3 h6 13. 0-0 Bd6 14. Bxd6 Qxd6 15. Rab1 g5 16. Ne2 Re8 17. b4 Ne4 18. Bxe4 Rxe4 19. Ng3 Re7 20. b5 g4 21. hxg4 Bxg4 22. Nf5 Bxf5 23. Qxf5 Qg6 24. Qh3 Kh7 25. bxc6 bxc6 26. Rfc1 Rc7 27. Rb3 Rac8 28. Rc5 Qe4 29. a4 f5 30. Kh2 Rg8 31. f3 Qe6 32. a5 Rcg7 33. Rc2 Qd6+ 34. Kh1 Qg6 35. Rbc3 Rc7 36. Qh2 Rgc8 37. a6 Qe6 38. Rb2 Rf7 39. Rb7 Rcf8 40. Qf4 Kg8 1-0

[Event "GRE-ch U20"]
[Site "Chania"]
[Date "2018.04.12"]
[Round "4"]
[White "Loutragotis, Marios"]
[Black "Antonioudakis, Georgios"]
[Result "1-0"]
[WhiteElo "1499"]
[BlackElo "1317"]
[PlyCount "75"]
[EventDate "2018.04.10"]
[EventType "swiss"]
[EventRounds "9"]
[EventCountry "GRE"]
[SourceTitle "CBM 184 Extra"]
[Source "ChessBase"]
[SourceDate "2018.06.28"]
[SourceVersion "1"]
[SourceVersionDate "2018.06.28"]
[SourceQuality "1"]

1. Nf3 Nf6 2. g3 g6 3. Bg2 Bg7 4. 0-0 0-0 5. c4 d6 6. Nc3 c5 7. d4 Nbd7 8. e4 Rb8 9. h3 cxd4 10. Nxd4 a6 11. Be3 Qc7 12. Qe2 Ne5 13. b3 Nc6 14. Nxc6 bxc6 15. Rac1 a5 16. c5 dxc5 17. Na4 Nd7 18. Nxc5 Nxc5 19. Rxc5 Bd7 20. Qd2 a4 21. bxa4 Rb2 22. Rc2 Rfb8 23. Rd1 Rb1 24. Kh2 Rxd1 25. Qxd1 Rb2 26. Bf4 Qc8 27. Rxb2 Bxb2 28. Qb3 Bd4 29. Kg1 Be6 30. Qb8 Qxb8 31. Bxb8 Bxa2 32. a5 Bc4 33. Bf1 Bxf1 34. Kxf1 Kf8 35. a6 e6 36. a7 Bxa7 37. Bxa7 Ke7 38. Bc5+ 1-0

[Event "GRE-chT Schools Gymnasia 16th"]
[Site "Peristeri"]
[Date "2018.03.31"]
[Round "1.3"]
[White "Kontopanagos, Ioannis"]
[Black "Loutragotis, Marios"]
[Result "1/2-1/2"]
[WhiteElo "1395"]
[BlackElo "1500"]
[PlyCount "45"]
[EventDate "2018.03.31"]
[EventType "team-swiss (rapid)"]
[EventRounds "6"]
[EventCountry "GRE"]
[SourceTitle "EXT 2019"]
[Source "ChessBase"]
[SourceDate "2018.10.10"]
[SourceVersion "1"]
[SourceVersionDate "2018.10.10"]
[SourceQuality "1"]

1. d4 Nf6 2. c4 e6 3. Nc3 d5 4. Nf3 Be7 5. e3 0-0 6. Bd3 dxc4 7. Bxc4 c5 8. 0-0 Nc6 9. Re1 cxd4 10. exd4 b6 11. h3 Bb7 12. Be3 Rc8 13. Bb3 Na5 14. Ne5 Nd5 15. Rc1 Nxe3 16. Rxe3 Bg5 17. Rg3 Nxb3 18. axb3 Bxc1 19. Qxc1 f6 20. Qh6 Rc7 21. Nd3 Qxd4 22. Nf4 Qe5 23. Qh4 1/2-1/2

[Event "GRE-chT Schools Gymnasia 16th"]
[Site "Peristeri"]
[Date "2018.03.31"]
[Round "6.3"]
[White "Loutragotis, Marios"]
[Black "Chatzieleftheriou, Andreas"]
[Result "1-0"]
[WhiteElo "1500"]
[BlackElo "1935"]
[PlyCount "209"]
[EventDate "2018.03.31"]
[EventType "team-swiss (rapid)"]
[EventRounds "6"]
[EventCountry "GRE"]
[SourceTitle "EXT 2019"]
[Source "ChessBase"]
[SourceDate "2018.10.10"]
[SourceVersion "1"]
[SourceVersionDate "2018.10.10"]
[SourceQuality "1"]

1. e4 e6 2. d4 d5 3. exd5 exd5 4. Bd3 Bd6 5. c3 Ne7 6. Ne2 Nbc6 7. 0-0 Bf5 8. Bf4 Qd7 9. Bxd6 Qxd6 10. Ng3 Bg6 11. Re1 0-0-0 12. b4 Bxd3 13. Qxd3 g6 14. a4 h5 15. h3 h4 16. Nf1 Nf5 17. a5 Rde8 18. Ne3 Nxe3 19. Rxe3 Ne7 20. b5 Nf5 21. Rxe8+ Rxe8 22. Nd2 f6 23. Nb3 Kb8 24. Nc5 Re7 25. Rb1 Qd8 26. b6 cxb6 27. axb6 axb6 28. Na4 Qe8 29. Nxb6 Re1+ 30. Kh2 Rxb1 31. Qxb1 Qc6 32. Qb4 Kc7 33. Na8+ Kd7 34. Nb6+ Ke6 35. Na4 Qd6+ 36. Qxd6+ Kxd6 37. Nc5 b5 38. Kg1 b4 39. cxb4 Nxd4 40. Nd3 Kc6 41. g3 g5 42. gxh4 gxh4 43. Kg2 Kb5 44. Nf4 Kc4 45. Nh5 f5 46. Nf4 Nb3 47. b5 Nc5 48. b6 d4 49. Ne6 Nb7 50. Kf3 Kd5 51. Nf4+ Kc5 52. Ne6+ Kd5 53. Nf4+ Kc5 54. Ne6+ Kd6 55. Nxd4 Ke5 56. Nc6+ Kd6 57. Nd4 Ke5 58. Ke3 Nd6 59. f4+ Kf6 60. Kd3 Kf7 61. Nxf5 Nb7 62. Nxh4 Ke6 63. Kd4 Kd6 64. f5 Na5 65. Ng6 Nc6+ 66. Ke4 Nd8 67. h4 Nf7 68. Ne5 Nxe5 69. b7 Nc6 70. h5 Ke7 71. Kd5 Nb8 72. Ke5 Nd7+ 73. Kf4 Kf6 74. Kg4 Ne5+ 75. Kf4 Nd7 76. Kg4 Ne5+ 77. Kf4 Nd7 78. h6 Kf7 79. Kg5 Kg8 80. Kg6 Nf8+ 81. Kf6 Nd7+ 82. Ke7 Nb8 83. f6 Nc6+ 84. Kd7 Nb8+ 85. Ke6 Nc6 86. f7+ Kf8 87. h7 Nd8+ 88. Kd7 Nxf7 89. b8Q+ Kg7 90. Qb2+ Kxh7 91. Qf6 Nh6 92. Qg5 Nf7 93. Qh5+ Kg7 94. Ke7 Nh8 95. Qe5+ Kh7 96. Qf5+ Kg7 97. Qf6+ Kh7 98. Kf8 Ng6+ 99. Kf7 Nh8+ 100. Ke6 Ng6 101. Kf5 Nh8 102. Kg5 Kg8 103. Qe7 Nf7+ 104. Kf6 Kh8 105. Qf8+ 1-0

[Event "GRE-ch U14"]
[Site "Achaia"]
[Date "2017.06.29"]
[Round "5"]
[White "Loutragotis, Marios"]
[Black "Nteligiorgis, Eleftherios"]
[Result "1-0"]
[WhiteElo "1526"]
[BlackElo "1391"]
[PlyCount "115"]
[EventDate "2017.06.26"]
[EventType "swiss"]
[EventRounds "9"]
[EventCountry "GRE"]
[SourceTitle "EXT 2018"]
[Source "ChessBase"]
[SourceDate "2017.10.13"]
[SourceVersion "1"]
[SourceVersionDate "2017.10.13"]
[SourceQuality "1"]

1. e4 c5 2. Nf3 e6 3. d4 cxd4 4. Nxd4 Nf6 5. Nc3 d6 6. g4 e5 7. Bb5+ Bd7 8. Bxd7+ Qxd7 9. Nf5 h5 10. gxh5 Nxh5 11. Rg1 g6 12. Ne3 Nc6 13. Ned5 Rc8 14. Be3 Qh3 15. Qg4 Qxg4 16. Rxg4 Bh6 17. 0-0-0 Nd4 18. Kb1 Bxe3 19. fxe3 Nc6 20. Rg2 Kd7 21. Nb5 Ke6 22. Ndc3 Rcd8 23. Rgd2 Nf6 24. Nxd6 Rh3 25. Nc4 Rxd2 26. Rxd2 Ng4 27. Nd5 Rxh2 28. Rxh2 Nxh2 29. b4 g5 30. b5 Nd8 31. Nc3 f6 32. Ne2 Nf1 33. a4 b6 34. Kc1 Nb7 35. Kd1 Nc5 36. Ke1 Nh2 37. a5 Nd7 38. a6 Ng4 39. Nc3 Nh6 40. Nd5 Nf7 41. Ndxb6 Nxb6 42. Nxb6 Nd6 43. c4 Kf7 44. Na4 Nc8 45. c5 Ke7 46. b6 Kd7 47. b7 Kc7 48. b8Q+ Kxb8 49. Nc3 Ne7 50. Nd5 Nxd5 51. exd5 Kc7 52. e4 Kd7 53. Kf2 Kc7 54. Kg3 Kd7 55. Kg4 Kd8 56. d6 Kd7 57. Kf5 Kc6 58. Ke6 1-0

[Event "GRE-ch U14"]
[Site "Porto Rio"]
[Date "2016.07.01"]
[Round "5"]
[White "Loutragotis, Marios"]
[Black "Andreou, Georgios Andreas"]
[Result "1-0"]
[WhiteElo "1371"]
[BlackElo "1175"]
[PlyCount "95"]
[EventDate "2016.06.28"]
[EventType "swiss"]
[EventRounds "9"]
[EventCountry "GRE"]
[SourceTitle "CBM 173 Extra"]
[Source "ChessBase"]
[SourceDate "2016.08.29"]
[SourceVersion "1"]
[SourceVersionDate "2016.08.29"]
[SourceQuality "1"]

1. c4 e5 2. g3 Bc5 3. d3 d6 4. Bg2 c6 5. Nf3 Nf6 6. 0-0 Be6 7. Nc3 0-0 8. Bd2 Qd7 9. Re1 Qc7 10. Rb1 Qb6 11. e3 Nbd7 12. b4 Qc7 13. bxc5 Nxc5 14. Qc2 h6 15. Na4 Ncd7 16. Rb2 Bf5 17. e4 Be6 18. Reb1 Rab8 19. Be3 b6 20. Nd2 Nh7 21. f4 f6 22. f5 Bf7 23. Qd1 Qd8 24. Qg4 Kh8 25. Nf3 Qe8 26. Nh4 Rg8 27. Rf1 Ndf8 28. Nc3 Rb7 29. c5 d5 30. exd5 Qd8 31. Ng6+ Bxg6 32. fxg6 Ng5 33. Bxg5 fxg5 34. Rf7 Rd7 35. dxc6 Rc7 36. Bd5 Nxg6 37. Rxc7 Qxc7 38. Bxg8 Kxg8 39. Qd7 Qb8 40. c7 Qf8 41. c8R Kh7 42. Rxf8 Nxf8 43. Qf5+ Kg8 44. Rf2 bxc5 45. Qxf8+ Kh7 46. Qf5+ Kg8 47. Qg6 Kh8 48. Rf8# 1-0

[Event "GRE-ch U14"]
[Site "Porto Rio"]
[Date "2016.06.29"]
[Round "2"]
[White "Diamantopoulos, Nikolaos"]
[Black "Loutragotis, Marios"]
[Result "0-1"]
[WhiteElo "1842"]
[BlackElo "1371"]
[PlyCount "78"]
[EventDate "2016.06.28"]
[EventType "swiss"]
[EventRounds "9"]
[EventCountry "GRE"]
[SourceTitle "CBM 173 Extra"]
[Source "ChessBase"]
[SourceDate "2016.08.29"]
[SourceVersion "1"]
[SourceVersionDate "2016.08.29"]
[SourceQuality "1"]

1. Nf3 Nf6 2. b3 b6 3. Bb2 Bb7 4. e3 e6 5. Be2 Be7 6. 0-0 0-0 7. c4 c5 8. Nc3 d5 9. d4 Nc6 10. cxd5 exd5 11. Rc1 cxd4 12. Nxd4 Nxd4 13. Qxd4 Bc5 14. Qd2 d4 15. Nb5 dxe3 16. Qxd8 exf2+ 17. Kh1 Rfxd8 18. Rcd1 Nd5 19. Nd4 Ne3 20. Rxf2 Nxd1 21. Bxd1 Bxd4 22. Bxd4 Rxd4 23. Be2 Rad8 24. h3 Rd2 25. a4 Ba6 26. Bxa6 Rxf2 27. b4 Rdd2 28. Bb7 f5 29. a5 f4 30. axb6 axb6 31. Kg1 Rb2 32. b5 Rfc2 33. Be4 Rc1+ 34. Kh2 Re2 35. Bb7 Ree1 36. g3 Rc2+ 37. Bg2 Ree2 38. h4 Rxg2+ 39. Kh3 Rxg3# 0-1

[Event "GRE-ch U14"]
[Site "Porto Rio"]
[Date "2016.06.28"]
[Round "1"]
[White "Loutragotis, Marios"]
[Black "Nikolakis, Panagiotis Marios"]
[Result "0-1"]
[WhiteElo "1371"]
[BlackElo "1831"]
[PlyCount "56"]
[EventDate "2016.06.28"]
[EventType "swiss"]
[EventRounds "9"]
[EventCountry "GRE"]
[SourceTitle "CBM 173 Extra"]
[Source "ChessBase"]
[SourceDate "2016.08.29"]
[SourceVersion "1"]
[SourceVersionDate "2016.08.29"]
[SourceQuality "1"]

1. c4 Nf6 2. Nc3 g6 3. g3 Bg7 4. Bg2 0-0 5. d3 d6 6. e4 Nbd7 7. Nge2 c6 8. 0-0 Qc7 9. h3 a6 10. Be3 b5 11. cxb5 axb5 12. Rc1 Qa5 13. e5 Nxe5 14. f4 Ned7 15. Bxc6 Rb8 16. b4 Qxb4 17. Ba7 Bb7 18. Bxb8 Qc5+ 19. d4 Qxc6 20. d5 Qb6+ 21. Qd4 Rxb8 22. Qxb6 Nxb6 23. Rb1 Nfxd5 24. Nxd5 Bxd5 25. Rfd1 Bxa2 26. Rb4 Nd5 27. Re4 f5 28. Re6 Kf7 0-1

[Event "GRE-chT 43rd"]
[Site "Porto Rio"]
[Date "2015.10.08"]
[Round "2.11"]
[White "Loutragotis, Marios"]
[Black "Hartofylakas, Spyros"]
[Result "0-1"]
[WhiteElo "1232"]
[BlackElo "1160"]
[PlyCount "130"]
[EventDate "2015.10.08"]
[EventType "team-swiss"]
[EventRounds "7"]
[EventCountry "GRE"]
[SourceTitle "CBM 168 Extra"]
[Source "ChessBase"]
[SourceDate "2015.10.29"]
[SourceVersion "1"]
[SourceVersionDate "2015.10.29"]
[SourceQuality "1"]
[WhiteTeam "Glyfadas Zenon"]
[BlackTeam "Elefsinas STM"]
[WhiteTeamCountry "GRE"]
[BlackTeamCountry "GRE"]

1. g4 d5 2. Bg2 e5 3. h3 Nc6 4. d3 Bc5 5. Nf3 Nge7 6. 0-0 0-0 7. e4 d4 8. Nbd2 Ng6 9. Nb3 Be7 10. Bd2 Be6 11. Qc1 f6 12. Re1 a5 13. a4 Bb4 14. Bxb4 Nxb4 15. Qd2 Qe7 16. Ra3 Rfd8 17. c3 dxc3 18. bxc3 Nxd3 19. Rea1 Bxb3 20. Rxb3 Nc5 21. Qb2 Nxb3 22. Qxb3+ Qf7 23. Qxb7 Qd7 24. Qb3+ Qf7 25. Qc2 Nf4 26. Bf1 Rab8 27. Nd2 Qd7 28. Qa2+ Kf8 29. Qa3+ Qd6 30. Qxd6+ cxd6 31. Nc4 Ra8 32. Rd1 d5 33. Nb6 dxe4 34. Re1 Rab8 35. Nc4 Ra8 36. Nb6 Ra7 37. Rxe4 Rb8 38. Nc4 Nd5 39. Nd6 Nxc3 40. Rc4 Na2 41. Nb5 Rab7 42. Bg2 Rd7 43. Nc7 Ke7 44. Nd5+ Kd6 45. Ne3 Rc7 46. Nf5+ Kd7 47. Re4 g6 48. Nh6 Rb4 49. Re2 Rxa4 50. Rd2+ Kc8 51. Bd5 Nb4 52. Be6+ Kb7 53. Nf7 Ra1+ 54. Kg2 Rac1 55. Nd8+ Ka7 56. Nf7 R1c6 57. Nd8 Rc2 58. Rd6 Nc6 59. Nf7 Nd4 60. Bd5 Nb5 61. Rd8 Rc8 62. Rd7+ R2c7 63. Nd6 Rxd7 64. Nxc8+ Kb8 65. Nb6 Rd6 0-1